00665pam a2200181 a 4500020002300000020002000023040000800043082002600051100001900077245005000096260005900146300003400205500007200239650001600311650002400327856006600351856006600417 a817036244X (India) a0803991010 (US) cDLC00a338 SAG 1991 A066 Or.1 aSarap, Kailas,10aInterlinked agrarian markets in rural India / aNew Delhi ;aNewbury Park :bSage Publications,c1991. a177 p. :bill., map ;c23 cm. aRevision of the author's thesis (doctoral)--Delhi University, 1986. 0aAgriculture 0aAgricultural credit42uhttp://www.loc.gov/catdir/enhancements/fy0657/91020749-d.html41uhttp://www.loc.gov/catdir/enhancements/fy0657/91020749-t.html